000 00260nam a2200109 a 4500
008 110105s1982|||| d
245 1 0 _aStručný životopis V.I. Lenina
260 _bPravda
_aBratislava
_c1982
020 _c12
041 _aslo
044 _axo
_cSK
999 _c15540
_d15540